Taylor Swift - Devine la chanson sans indices #45 - Statistiques

Statistiques générales
  • Ce quiz a été pris 246 fois
  • Le résultat moyen est 207 sur 366
Statistiques - réponses
Réponse % Correct
I
100%
a
97%
you
97%
Mmm
96%
Oh,
94%
the
93%
The
93%
He
87%
me
86%
your
86%
my
81%
On
80%
on
80%
to
80%
To
80%
we
80%
when
79%
When
79%
Is
78%
it
78%
And
77%
of
76%
that
73%
That
73%
that,
73%
then
73%
in
72%
was
72%
I'm
71%
It's
69%
it's
69%
for
66%
like
63%
Tim
63%
McGraw
58%
said
58%
said,
58%
think
58%
Think
58%
all
57%
But
56%
had
49%
at
47%
not
47%
hope
45%
one
45%
see
45%
there
45%
"That's
44%
From
43%
night
42%
eyes
40%
head
40%
time
40%
Just
39%
you'll
39%
blue
38%
never
38%
song
38%
way
38%
favorite
36%
him
36%
up
36%
back
35%
saw
35%
dress
31%
little
31%
long
31%
here
29%
lie"
29%
thing
29%
first
27%
shined
27%
those
27%
boy
26%
black
25%
chest
24%
danced
24%
Put
24%
read
24%
happiness
23%
gone
22%
right
22%
shame
22%
there's
21%
jeans
20%
stars
19%
truck
19%
old
18%
place
18%
takes
18%
bed
17%
gettin'
17%
left
17%
summer
17%
faded
15%
Georgia
15%
weren't
15%
Chevy
14%
street
14%
find
13%
God
13%
standing
13%
stuck
13%
hard
12%
letter
12%
radio
12%
since
12%
tears
12%
turn
12%
lake
11%
lookin'
11%
moon
11%
doorstep
10%
September
10%
tendency
10%
three
10%
beneath
9%
box
9%
month
9%
nice
9%
spotlight
9%
woke
9%
believe
8%
beside
8%
bittersweet
8%
Someday
8%
summers
8%
thanking
8%
backroads
6%
Aucun quiz correspondant
Distribution des résultats
% des personnes avec chaque résultat
Percentile par nombre de réponses
Votre historique - résultats
Vous n’avez pas pris ce quiz